<?xml version="1.0" encoding="UTF-8"?>
<marc:record xmlns:marc="http://www.loc.gov/MARC21/slim">
   <marc:leader>00000nam a2200000 a 4500</marc:leader>
   <marc:datafield ind1="1" ind2=" " tag="100">
      <marc:subfield code="a">Pfeiffer, Herbert</marc:subfield>
      <marc:subfield code="4">edt</marc:subfield>
      <marc:subfield code="e">Bearbeiter/-in</marc:subfield>
   </marc:datafield>
   <marc:datafield ind1="1" ind2=" " tag="100">
      <marc:subfield code="a">Bonath, Thomas</marc:subfield>
      <marc:subfield code="4">ctb</marc:subfield>
      <marc:subfield code="e">Mitwirkende/-r</marc:subfield>
   </marc:datafield>
   <marc:datafield ind1=" " ind2=" " tag="653">
      <marc:subfield code="a">Kind</marc:subfield>
   </marc:datafield>
   <marc:datafield ind1=" " ind2=" " tag="653">
      <marc:subfield code="a">Krankheit</marc:subfield>
   </marc:datafield>
   <marc:datafield ind1=" " ind2=" " tag="653">
      <marc:subfield code="a">Homöopathie</marc:subfield>
   </marc:datafield>
   <marc:datafield ind1=" " ind2=" " tag="653">
      <marc:subfield code="a">Jugend</marc:subfield>
   </marc:datafield>
   <marc:datafield ind1="0" ind2="0" tag="245">
      <marc:subfield code="a">Homöopathie in der Kinder- und Jugendmedizin</marc:subfield>
   </marc:datafield>
   <marc:datafield ind1="0" ind2="0" tag="245">
      <marc:subfield code="c">Hrsg. Herbert Pfeiffer ... Autoren Thomas Bonath ...</marc:subfield>
   </marc:datafield>
   <marc:datafield ind1=" " ind2="1" tag="264">
      <marc:subfield code="a">München</marc:subfield>
      <marc:subfield code="b">Elsevier, Urban und Fischer</marc:subfield>
      <marc:subfield code="c">2004</marc:subfield>
   </marc:datafield>
   <marc:datafield ind1=" " ind2=" " tag="250">
      <marc:subfield code="a">1. Aufl.</marc:subfield>
   </marc:datafield>
   <marc:datafield ind1="1" ind2=" " tag="520">
      <marc:subfield code="a">Erstmals in der neueren homöopathischen Literatur werden hier die Erfahrungen eines kompetenten Autorenteams in einem Pädiatrielehrbuch zusammengeführt: -Fundierte Einführung in die homöopathische Kinderbehandlung; -Anleitung zu methodisch strukturiertem Vorgehen bei Fallaufnahme und Arzneimittelfindung; -Klinisch orientierte Darstellung aller akuten und chronischen Erkrankungen im Kindesalter mit aktueller schulmedizinischer Therapie, Möglichkeiten und Grenzen der homöopathischen Behandlung; -Ausführliche Darstellung spezieller pädiatrischer Bereiche wie z.B. Lernstörungen, Impfen, Frühgeborene; -Zahlreiche Fallbeispiele aus der Praxis erfahrener Homöopathen; -Materia medica mit allen für die Kinderheilkunde relevanten Arzneimitteln; -Berücksichtigung wichtiger schulmedizinischer und naturheilkundlicher Aspekte.</marc:subfield>
   </marc:datafield>
   <marc:datafield ind1=" " ind2=" " tag="020">
      <marc:subfield code="a">9783437563102</marc:subfield>
      <marc:subfield code="9">9783437563102</marc:subfield>
   </marc:datafield>
   <marc:datafield ind1=" " ind2=" " tag="020">
      <marc:subfield code="a">3437563106</marc:subfield>
      <marc:subfield code="9">3437563106</marc:subfield>
   </marc:datafield>
   <marc:datafield ind1=" " ind2=" " tag="041">
      <marc:subfield code="a">ger</marc:subfield>
   </marc:datafield>
   <marc:datafield ind1=" " ind2=" " tag="300">
      <marc:subfield code="a">XIV, 1176 S.</marc:subfield>
   </marc:datafield>
</marc:record>
